[Event "Rhein Main op 13th"]
[Site "Bad Homburg"]
[Date "2010.06.05"]
[Round "6"]
[White "Gebben, Alwin"]
[Black "Springer, Ondrej"]
[Result "1/2-1/2"]
[WhiteElo "1899"]
[BlackElo "2062"]
[PlyCount "104"]
[EventDate "2010.06.02"]
[EventType "swiss"]
[EventRounds "7"]
[EventCountry "GER"]
[SourceTitle "EXT 2011"]
[Source "ChessBase"]
[SourceDate "2010.11.26"]
[SourceVersion "1"]
[SourceVersionDate "2010.11.26"]
[SourceQuality "1"]

1. d4 f5 2. Nf3 g6 3. g3 Bg7 4. Bg2 Nf6 5. 0-0 0-0 6. b4 d6 7. Bb2 e5 8. dxe5 Ng4 9. Nbd2 Nc6 10. b5 Ncxe5 11. Nc4 Rb8 12. Nfxe5 Nxe5 13. Qd5+ Kh8 14. Nxe5 dxe5 15. Bxe5 Qxd5 16. Bxg7+ Kxg7 17. Bxd5 f4 18. Rfd1 Bg4 19. f3 Bd7 20. a4 c6 21. Bb3 Be8 22. Rd4 fxg3 23. hxg3 cxb5 24. axb5 Bxb5 25. Rxa7 Bxe2 26. f4 Bb5 27. Rb4 Bc6 28. Ba4 Bd5 29. Bb3 Bf3 30. Kf2 Bh1 31. Kg1 Bc6 32. Ba4 Bxa4 33. Rbxa4 Rfc8 34. c4 Kf6 35. Rb4 Rc7 36. Kf2 h5 37. Kf3 Rd7 38. Rb6+ Kg7 39. c5 Kh6 40. f5 Rg7 41. fxg6 Rc8 42. Rbxb7 Rxb7 43. Rxb7 Rxc5 44. g7 Rg5 45. Kf4 Rg4+ 46. Kf3 Rxg7 47. Rxg7 Kxg7 48. Ke3 Kf6 49. Kf4 Kg6 50. Kf3 Kg5 51. Kg2 Kg4 52. Kh2 Kg5 1/2-1/2

[Event "Berlin op 08"]
[Site "Berlin"]
[Date "2006.08.26"]
[Round "8"]
[White "Springer, Ondrej"]
[Black "Pott, Stefan"]
[Result "1-0"]
[WhiteElo "2001"]
[BlackElo "1752"]
[PlyCount "99"]
[EventDate "2006.08.19"]
[EventType "swiss"]
[EventRounds "9"]
[EventCountry "GER"]
[SourceTitle "EXT 2007"]
[Source "ChessBase"]
[SourceDate "2006.11.23"]
[SourceVersion "1"]
[SourceVersionDate "2006.11.23"]
[SourceQuality "1"]

1. d4 Nf6 2. Nf3 d6 3. Bg5 Ne4 4. Bf4 g6 5. c3 Bg7 6. h4 h5 7. Qb3 Nd7 8. e3 Nb6 9. Bd3 Be6 10. Qc2 Nf6 11. Ng5 Qd7 12. e4 Bc4 13. Nd2 Bxd3 14. Qxd3 Qg4 15. Nh3 0-0-0 16. g3 e5 17. f3 Qd7 18. dxe5 dxe5 19. Qxd7+ Nfxd7 20. Be3 f6 21. a4 Nb8 22. a5 N6d7 23. Bxa7 Nc6 24. Be3 Ndb8 25. Ke2 Bh6 26. Bxh6 Rxh6 27. b4 Na7 28. Nf2 Rh7 29. Nb3 Rhd7 30. Rhd1 Nb5 31. Rac1 Nc6 32. Rxd7 Rxd7 33. Nd3 Kb8 34. Nbc5 Rd6 35. Nb2 b6 36. axb6 cxb6 37. Nca4 Nca7 38. Nc4 Rc6 39. Ncxb6 Nd4+ 40. Kf2 Nb3 41. Rd1 Nb5 42. Rd8+ Kb7 43. c4 N5d4 44. Rd7+ Kb8 45. c5 Nb5 46. Nb2 N5d4 47. N2c4 Nc2 48. Nd6 Rc7 49. Rd8+ Ka7 50. Ra8# 1-0

[Event "Bad Zwesten op 10th"]
[Site "Bad Zwesten"]
[Date "2006.01.06"]
[Round "7"]
[White "Baeumler, Ilja"]
[Black "Springer, Ondrej"]
[Result "1/2-1/2"]
[WhiteElo "2205"]
[BlackElo "2037"]
[PlyCount "83"]
[EventDate "2006.01.02"]
[EventType "swiss"]
[EventRounds "9"]
[EventCountry "GER"]
[SourceTitle "CBM 110 Extra"]
[Source "ChessBase"]
[SourceDate "2006.03.10"]
[SourceVersion "2"]
[SourceVersionDate "2006.03.10"]
[SourceQuality "1"]

1. e4 c6 2. d4 d5 3. exd5 cxd5 4. c4 Nf6 5. Nc3 Nc6 6. Nf3 Bg4 7. cxd5 Nxd5 8. Qb3 Bxf3 9. gxf3 e6 10. Qxb7 Nxd4 11. Bb5+ Nxb5 12. Qxb5+ Qd7 13. Qxd7+ Kxd7 14. Nxd5 exd5 15. Be3 Ke6 16. Ke2 Be7 17. Kd3 Rhc8 18. Bd4 f6 19. Rhe1+ Kd7 20. Rg1 g6 21. Rac1 a6 22. Rc3 Rxc3+ 23. Bxc3 Bc5 24. Bd4 Bxd4 25. Kxd4 Kd6 26. Kd3 Rb8 27. b3 f5 28. Rg3 Ke5 29. Rh3 Rb7 30. Rh4 a5 31. Ra4 Rb5 32. f4+ Kd6 33. Kd4 Rb4+ 34. Rxb4 axb4 35. f3 Kc6 36. h4 Kd6 37. Kd3 Kc5 38. Ke3 Kc6 39. Kd4 Kd6 40. Kd3 Kc5 41. Ke3 Kc6 42. Kd4 1/2-1/2

[Event "Bad Zwesten op 9th"]
[Site "Bad Zwesten"]
[Date "2005.01.07"]
[Round "8"]
[White "Kummerow, Heiko"]
[Black "Springer, Ondrej"]
[Result "1-0"]
[WhiteElo "2292"]
[BlackElo "2071"]
[PlyCount "67"]
[EventDate "2005.01.02"]
[EventType "swiss"]
[EventRounds "9"]
[EventCountry "GER"]
[SourceTitle "CBM 104 Extra"]
[Source "ChessBase"]
[SourceDate "2005.03.01"]
[SourceVersion "1"]
[SourceVersionDate "2005.03.01"]
[SourceQuality "1"]

1. e4 c6 2. d4 d5 3. Nc3 dxe4 4. Nxe4 Nf6 5. Nxf6+ gxf6 6. c3 Bf5 7. Ne2 h5 8. Ng3 Bg4 9. f3 Be6 10. Bd3 Nd7 11. 0-0 Qc7 12. Ne2 Bh6 13. Bxh6 Rxh6 14. Qd2 Rh8 15. b4 Nb6 16. a4 Nc4 17. Qc1 0-0-0 18. Re1 Nd6 19. c4 Bf5 20. Ra3 Bxd3 21. Rxd3 Nf5 22. Red1 Rhg8 23. Qf4 Rg5 24. d5 e5 25. dxe6 Rxd3 26. Rxd3 fxe6 27. Qe4 Ng7 28. f4 f5 29. Qd4 Rg4 30. Qxa7 Qe7 31. b5 Ne8 32. bxc6 Nd6 33. c5 Nf7 34. Qa8+ 1-0

[Event "Kiel op 17th"]
[Site "Kiel"]
[Date "2004.07.25"]
[Round "3"]
[White "Springer, Ondrej"]
[Black "Meier, David Geffrey"]
[Result "0-1"]
[WhiteElo "2073"]
[BlackElo "2258"]
[PlyCount "54"]
[EventDate "2004.07.24"]
[EventType "swiss"]
[EventRounds "9"]
[EventCountry "GER"]
[SourceTitle "CBM 101 Extra"]
[Source "ChessBase"]
[SourceDate "2004.09.01"]
[SourceVersion "2"]
[SourceVersionDate "2004.09.01"]
[SourceQuality "1"]

1. d4 f5 2. Nf3 Nf6 3. g3 g6 4. Bg2 Bg7 5. 0-0 d6 6. c4 Nc6 7. d5 Ne5 8. Nc3 0-0 9. Nd2 g5 10. e3 f4 11. Nde4 Nxe4 12. Nxe4 f3 13. Bh1 g4 14. Nd2 Qe8 15. Re1 Qh5 16. Qc2 c6 17. e4 cxd5 18. cxd5 Bd7 19. a4 b5 20. b3 Rfc8 21. Qb1 bxa4 22. bxa4 Rab8 23. Qa2 Nd3 24. Rf1 Nb4 25. Qb1 Nc2 26. Qxb8 Rxb8 27. Ra2 Nd4 0-1

[Event "Kiel op-A 16th"]
[Site "Kiel"]
[Date "2003.07.28"]
[Round "5.28"]
[White "Springer, Ondrej"]
[Black "Hielscher, Wulf"]
[Result "0-1"]
[WhiteElo "2066"]
[BlackElo "2153"]
[PlyCount "116"]
[EventDate "2003.07.??"]
[EventType "swiss"]
[EventRounds "9"]
[EventCountry "GER"]
[SourceTitle "CBM 095 Extra"]
[Source "ChessBase"]
[SourceDate "2003.09.04"]
[SourceVersion "1"]
[SourceVersionDate "2003.09.04"]
[SourceQuality "1"]

1. d4 d5 2. Nf3 Nf6 3. Bg5 g6 4. e3 Bg7 5. Nbd2 0-0 6. Be2 c6 7. c3 a5 8. a4 Qb6 9. Qb3 Qxb3 10. Nxb3 Re8 11. Bf4 Nbd7 12. 0-0 Ne4 13. Bc7 b6 14. c4 Ba6 15. Rfc1 Rac8 16. Bf4 c5 17. Bf1 cxd4 18. cxd5 Bxf1 19. Kxf1 dxe3 20. Bxe3 Bxb2 21. Rxc8 Rxc8 22. Rb1 Ba3 23. Bd4 Nef6 24. Bxb6 Nxb6 25. Nxa5 Rc1+ 26. Rxc1 Bxc1 27. Nb3 Ba3 28. a5 Na8 29. Ne5 Nxd5 30. Ke2 Bd6 31. Nd7 Nb4 32. Ke3 Nc7 33. Kd4 Nc6+ 34. Kc4 Bxh2 35. Kc5 Nxa5 36. Nxa5 Ne6+ 37. Kc4 Kg7 38. Nc6 Bd6 39. Nb6 Bc5 40. Nd5 Bxf2 41. Ncxe7 Bg3 42. Ne3 Nf4 43. Nc6 Bf2 44. Nd1 Bb6 45. g3 Nh5 46. g4 Nf6 47. Ne5 Bc7 48. Nf3 Nxg4 49. Kd5 Bb6 50. Nc3 Nf6+ 51. Ke5 Bc7+ 52. Kd4 h6 53. Ke3 Ng4+ 54. Ke2 f5 55. Nd5 Bd6 56. Kf1 Nh2+ 57. Kf2 Nxf3 58. Kxf3 g5 0-1

[Event "Bad Zwesten op 7th"]
[Site "Bad Zwesten"]
[Date "2003.??.??"]
[Round "3"]
[White "Karpatchev, Aleksandr"]
[Black "Springer, Ondrej"]
[Result "1-0"]
[WhiteElo "2489"]
[BlackElo "2072"]
[PlyCount "135"]
[EventDate "2003.01.02"]
[EventType "swiss"]
[EventRounds "9"]
[EventCountry "GER"]
[SourceTitle "CBM 092 Extra"]
[Source "ChessBase"]
[SourceDate "2003.03.07"]
[SourceVersion "1"]
[SourceVersionDate "2003.03.07"]
[SourceQuality "1"]

1. e4 c6 2. d4 d5 3. Nc3 dxe4 4. Nxe4 Nf6 5. Nxf6+ gxf6 6. Nf3 Bf5 7. c3 e6 8. g3 Nd7 9. Bg2 Be7 10. Bh6 Qa5 11. 0-0 Bg4 12. h3 Bxh3 13. Bxh3 Qh5 14. Bxe6 fxe6 15. Bf4 0-0-0 16. Kg2 e5 17. dxe5 Nxe5 18. Nd4 Qxd1 19. Raxd1 Ng6 20. Bc1 Bc5 21. Ne6 Rxd1 22. Rxd1 Bb6 23. Bh6 Ne5 24. Bg7 Re8 25. Nf4 Ng4 26. Rd2 Re7 27. Nh5 Rf7 28. Kf3 Ne5+ 29. Kf4 Nc4 30. Re2 Bc7+ 31. Kf5 Nd6+ 32. Ke6 Rd7 33. Bxf6 Ne8 34. Bd4 Bd8 35. Kf5 Rf7+ 36. Kg4 Kd7 37. Bxa7 Bc7 38. Bd4 b6 39. f4 Bd8 40. Be5 Be7 41. f5 c5 42. c4 Rf8 43. b3 Rg8+ 44. Kf3 Rf8 45. g4 Bg5 46. Bf4 Bd8 47. Rd2+ Kc8 48. Be5 Bg5 49. Rd5 Rf7 50. a4 Kb7 51. Bf4 Bf6 52. Nxf6 Nxf6 53. Rd6 Ne8 54. Rd8 Ng7 55. Be5 Nxf5 56. gxf5 Rxf5+ 57. Ke4 Rh5 58. Kd5 Rh3 59. Rd7+ Ka6 60. Bb8 Ka5 61. Ra7+ Kb4 62. Ra6 Rh5+ 63. Be5 Kxb3 64. Rxb6+ Kxa4 65. Rb5 Rg5 66. Rxc5 h5 67. Rc8 Rg2 68. c5 1-0

[Event "Bad Zwesten op 7th"]
[Site "Bad Zwesten"]
[Date "2003.??.??"]
[Round "6"]
[White "Springer, Ondrej"]
[Black "Kehres, Thomas"]
[Result "1/2-1/2"]
[WhiteElo "2072"]
[BlackElo "1834"]
[PlyCount "45"]
[EventDate "2003.01.02"]
[EventType "swiss"]
[EventRounds "9"]
[EventCountry "GER"]
[SourceTitle "CBM 092 Extra"]
[Source "ChessBase"]
[SourceDate "2003.03.07"]
[SourceVersion "1"]
[SourceVersionDate "2003.03.07"]
[SourceQuality "1"]

1. d4 c5 2. dxc5 e6 3. Nf3 Bxc5 4. g3 Qb6 5. e3 Nf6 6. Bg2 Qa6 7. Qd3 d5 8. 0-0 Bd7 9. Qxa6 Nxa6 10. c3 Be7 11. Nbd2 Rc8 12. Re1 Nc5 13. Bf1 0-0 14. Ne5 Be8 15. Nd3 Nce4 16. f3 Nc5 17. Nb3 Na4 18. Nf2 Bd7 19. Rb1 Rfd8 20. e4 dxe4 21. fxe4 e5 22. Be3 Be6 23. Be2 1/2-1/2

[Event "Bad Wildbad op"]
[Site "Bad Wildbad"]
[Date "2002.03.23"]
[Round "2"]
[White "Springer, Ondrej"]
[Black "Reefschlaeger, Helmut"]
[Result "0-1"]
[WhiteElo "2077"]
[BlackElo "2326"]
[PlyCount "90"]
[EventDate "2002.03.22"]
[EventType "swiss"]
[EventRounds "9"]
[EventCountry "GER"]
[SourceTitle "EXT 2003"]
[Source "ChessBase"]
[SourceDate "2002.11.25"]
[SourceVersion "1"]
[SourceVersionDate "2002.11.25"]
[SourceQuality "1"]

1. d4 d5 2. Nf3 e6 3. c3 Bd6 4. Bg5 Nf6 5. Nbd2 h6 6. Bh4 Nbd7 7. e3 c5 8. Bd3 Qb6 9. Rb1 e5 10. dxe5 Nxe5 11. Nxe5 Bxe5 12. Nf3 Bc7 13. Bc2 Qc6 14. 0-0 Ne4 15. Bxe4 dxe4 16. Ne1 0-0 17. b4 Be6 18. Nc2 Bxa2 19. Rb2 Bc4 20. Re1 Be5 21. Na3 Bd3 22. b5 Qc7 23. Bg3 Rfd8 24. Qb3 Qe7 25. Bxe5 Qxe5 26. c4 a6 27. Rd2 Rd6 28. bxa6 Raxa6 29. Nb5 Bxc4 30. Qb2 Qxb2 31. Rxb2 Rdb6 32. Rc2 Bxb5 33. Rxc5 Bc6 34. g4 Rb5 35. Rc2 Rg5 36. h3 h5 37. Kg2 hxg4 38. h4 Rf5 39. Rd2 Rf3 40. Rc1 Ra3 41. Rc5 Rd3 42. Ra2 g6 43. h5 g3 44. hxg6 fxg6 45. Rg5 gxf2 0-1

[Event "Bad Zwesten op 4th"]
[Site "Bad Zwesten"]
[Date "2000.01.13"]
[Round "6"]
[White "Richter, Christian"]
[Black "Springer, Ondrej"]
[Result "1-0"]
[WhiteElo "2101"]
[BlackElo "1837"]
[PlyCount "31"]
[EventDate "2000.01.??"]
[EventType "swiss"]
[EventRounds "9"]
[EventCountry "GER"]
[SourceTitle "EXT 2001"]
[Source "ChessBase"]
[SourceDate "2000.11.22"]
[SourceVersion "1"]
[SourceVersionDate "2000.11.22"]
[SourceQuality "1"]

1. d4 f5 2. g3 g6 3. Bg2 Nf6 4. Nf3 Bg7 5. c4 d6 6. Nc3 0-0 7. 0-0 c6 8. d5 e5 9. Rb1 a5 10. a3 Ng4 11. h3 Nh6 12. Nh2 Nf7 13. e4 g5 14. exf5 Bxf5 15. Be4 Bxh3 16. Qh5 1-0

[Event "Bad Zwesten op 4th"]
[Site "Bad Zwesten"]
[Date "2000.01.03"]
[Round "2"]
[White "Mittendorf, Frank"]
[Black "Springer, Ondrej"]
[Result "1/2-1/2"]
[WhiteElo "2239"]
[BlackElo "1837"]
[PlyCount "60"]
[EventDate "2000.01.??"]
[EventType "swiss"]
[EventRounds "9"]
[EventCountry "GER"]
[SourceTitle "EXT 2001"]
[Source "ChessBase"]
[SourceDate "2000.11.22"]
[SourceVersion "1"]
[SourceVersionDate "2000.11.22"]
[SourceQuality "1"]

1. e4 c6 2. d4 d5 3. exd5 cxd5 4. c4 Nf6 5. Nc3 Nc6 6. Bg5 Qa5 7. Bxf6 exf6 8. cxd5 Bb4 9. Qd2 Bxc3 10. bxc3 Qxd5 11. Nf3 0-0 12. Be2 Na5 13. 0-0 Bf5 14. Nh4 Be4 15. f3 Bg6 16. Nxg6 hxg6 17. Rab1 a6 18. f4 Rac8 19. Bf3 Qd7 20. Rfe1 Nc4 21. Qd3 b5 22. a4 Rfe8 23. axb5 axb5 24. Kf2 Rxe1 25. Rxe1 Qc7 26. g3 Nb2 27. Qxb5 Qxc3 28. Re8+ Rxe8 29. Qxe8+ Kh7 30. Qe3 Nd3+ 1/2-1/2

[Event "Passau op 7th"]
[Site "Passau"]
[Date "1999.04.04"]
[Round "6"]
[White "Vollmers, Otto"]
[Black "Springer, Ondrej"]
[Result "1-0"]
[WhiteElo "1721"]
[BlackElo "1893"]
[PlyCount "105"]
[EventDate "1999.04.02"]
[EventType "swiss"]
[EventRounds "7"]
[EventCountry "GER"]
[SourceTitle "EXT 2000"]
[Source "ChessBase"]
[SourceDate "1999.11.16"]
[SourceVersion "1"]
[SourceVersionDate "1999.11.16"]
[SourceQuality "1"]

1. d4 Nf6 2. c4 e6 3. Nc3 Bb4 4. e3 0-0 5. Nge2 b6 6. a3 Bxc3+ 7. Nxc3 Bb7 8. d5 d6 9. Bd3 h6 10. e4 e5 11. 0-0 Nbd7 12. b4 a5 13. Bd2 Re8 14. Qc2 Nh7 15. f3 Nhf8 16. Ne2 axb4 17. axb4 Qe7 18. Be3 g5 19. Ng3 Ng6 20. Nf5 Qf8 21. Qf2 Ne7 22. Ng3 Rxa1 23. Rxa1 Ra8 24. Qb2 Rxa1+ 25. Qxa1 Qa8 26. Qxa8+ Bxa8 27. Ne2 Bb7 28. h4 f6 29. h5 Ba6 30. g4 Nc8 31. Nc1 Kf7 32. Kf2 Ke8 33. Ke2 Kd8 34. Kd2 Ne7 35. Kc3 Kc8 36. Nb3 Kb8 37. c5 Bxd3 38. Kxd3 Ka7 39. Kc4 Ka6 40. b5+ Ka7 41. cxd6 cxd6 42. Na5 Nb8 43. Nc6+ Nbxc6 44. dxc6 Nc8 45. Kd5 Kb8 46. Ke6 Kc7 47. Kxf6 Na7 48. Kg6 Nxb5 49. Kxh6 Nd4 50. Kg6 Ne6 51. h6 b5 52. Kf7 Nd8+ 53. Kf6 1-0

[Event "Passau op 7th"]
[Site "Passau"]
[Date "1999.04.03"]
[Round "4"]
[White "Roos, Karin"]
[Black "Springer, Ondrej"]
[Result "0-1"]
[WhiteElo "1700"]
[BlackElo "1893"]
[PlyCount "92"]
[EventDate "1999.04.02"]
[EventType "swiss"]
[EventRounds "7"]
[EventCountry "GER"]
[SourceTitle "EXT 2000"]
[Source "ChessBase"]
[SourceDate "1999.11.16"]
[SourceVersion "1"]
[SourceVersionDate "1999.11.16"]
[SourceQuality "1"]

1. e4 c6 2. f4 d5 3. e5 h5 4. Be2 g6 5. Nf3 Qb6 6. d4 Bf5 7. 0-0 e6 8. c3 Nd7 9. Bd3 Nh6 10. Qc2 Be7 11. Nbd2 c5 12. Bxf5 Nxf5 13. Qb3 Ne3 14. Rf2 0-0 15. Qxb6 axb6 16. Nf1 Nf5 17. Ne3 Nxe3 18. Bxe3 Ra6 19. b3 Rfa8 20. h3 Ra3 21. Rb2 c4 22. bxc4 Rxc3 23. Kf2 Rxc4 24. Rc1 Rxc1 25. Bxc1 b5 26. Bd2 b6 27. Ne1 Nb8 28. Nd3 Nc6 29. Be3 b4 30. g4 hxg4 31. hxg4 Na5 32. Nxb4 Nc4 33. Rb3 Bxb4 34. Rxb4 Rxa2+ 35. Kg3 Ra3 36. Kh4 Rxe3 37. Kg5 Kg7 38. f5 gxf5 39. gxf5 Rg3+ 40. Kf4 Rg1 41. f6+ Kg6 42. Rb3 Rf1+ 43. Kg4 Rd1 44. Rg3 Rxd4+ 45. Kf3+ Kf5 46. Rg7 Nxe5+ 0-1

[Event "Passau op 7th"]
[Site "Passau"]
[Date "1999.04.03"]
[Round "3"]
[White "Springer, Ondrej"]
[Black "Heyne, Martin"]
[Result "0-1"]
[WhiteElo "1893"]
[BlackElo "2167"]
[PlyCount "65"]
[EventDate "1999.04.02"]
[EventType "swiss"]
[EventRounds "7"]
[EventCountry "GER"]
[SourceTitle "EXT 2000"]
[Source "ChessBase"]
[SourceDate "1999.11.16"]
[SourceVersion "1"]
[SourceVersionDate "1999.11.16"]
[SourceQuality "1"]

1. d4 f5 2. Nf3 Nf6 3. g3 g6 4. Bg2 Bg7 5. 0-0 d6 6. c4 0-0 7. Nc3 c6 8. Qc2 Qc7 9. Ng5 h6 10. Nh3 e5 11. d5 g5 12. e4 g4 13. exf5 gxh3 14. Bxh3 cxd5 15. cxd5 Nbd7 16. f4 Kh8 17. Qd1 b5 18. a3 Qc5+ 19. Kh1 Bb7 20. Bg2 Nb6 21. Qd3 Nbxd5 22. Re1 Ng4 23. Ne4 Qb6 24. h3 Ngf6 25. Ng5 hxg5 26. fxg5 e4 27. Qe2 Nh7 28. g4 e3 29. Rf1 Nxg5 30. h4 Nh3 31. Rf3 Nhf4 32. Bxe3 Nxe3 33. Rxf4 0-1

[Event "Passau op 6th"]
[Site "Passau"]
[Date "1998.04.11"]
[Round "3"]
[White "Springer, Ondrej"]
[Black "Klimpel, Thomas"]
[Result "1/2-1/2"]
[WhiteElo "1915"]
[BlackElo "2155"]
[PlyCount "69"]
[EventDate "1998.04.10"]
[EventType "swiss"]
[EventRounds "7"]
[EventCountry "GER"]
[SourceTitle "EXT 1999"]
[Source "ChessBase"]
[SourceDate "1998.11.16"]
[SourceVersion "1"]
[SourceVersionDate "1998.11.16"]
[SourceQuality "1"]

1. d4 d5 2. Nf3 c6 3. c3 e6 4. Bg5 Be7 5. Bxe7 Qxe7 6. Nbd2 f5 7. e3 Nf6 8. Bd3 0-0 9. Qe2 Bd7 10. Ne5 Bc8 11. h3 Ne4 12. g4 Nd7 13. Nxd7 Bxd7 14. 0-0-0 b5 15. Rdg1 b4 16. c4 Nxd2 17. Qxd2 a5 18. c5 e5 19. f4 exd4 20. exd4 Qf6 21. Bb1 Rfe8 22. Rg2 Bc8 23. Rhg1 Ra7 24. Bc2 Rae7 25. b3 fxg4 26. hxg4 Re3 27. Rh2 g6 28. f5 gxf5 29. gxf5+ Kh8 30. Rgh1 R8e7 31. Rh6 Qg5 32. R1h2 Bxf5 33. Bxf5 Re1+ 34. Kb2 Qxf5 35. Rxh7+ 1/2-1/2